[Event "FRA-ch op-B"]
[Site "Aix les Bains"]
[Date "2007.08.24"]
[Round "10"]
[White "Castro, John"]
[Black "Constantin, Francois"]
[Result "1-0"]
[WhiteElo "1901"]
[BlackElo "1984"]
[PlyCount "73"]
[EventDate "2007.08.13"]
[EventType "swiss"]
[EventRounds "11"]
[EventCountry "FRA"]
[SourceTitle "CBM 120 Extra"]
[Source "ChessBase"]
[SourceDate "2007.11.01"]
[SourceVersion "1"]
[SourceVersionDate "2007.11.01"]
[SourceQuality "1"]

1. e4 Nc6 2. Nf3 d6 3. d4 Nf6 4. Nc3 Bg4 5. Bb5 a6 6. Be2 e5 7. Be3 Be7 8. Qd2 Bh5 9. Qd1 Bg6 10. d5 Nb8 11. Nd2 Nfd7 12. Bh5 Bg5 13. Bxg6 hxg6 14. Qf3 Bxe3 15. Qxe3 Nf6 16. 0-0-0 Nbd7 17. Nc4 Nc5 18. a3 Qe7 19. h3 Kd7 20. b4 b5 21. Na5 Na4 22. Nxa4 bxa4 23. Qc3 Qd8 24. Rhe1 g5 25. Rd3 Qb8 26. Rg3 g4 27. hxg4 Qb6 28. Rf3 Raf8 29. g5 Nh5 30. Nc4 Qb5 31. g3 Ke7 32. g4 Nf4 33. Nxe5 Ne2+ 34. Rxe2 dxe5 35. Qxc7+ Ke8 36. Qc8+ Ke7 37. d6+ 1-0

[Event "FRA-ch op-B"]
[Site "Aix les Bains"]
[Date "2007.08.22"]
[Round "9"]
[White "Constantin, Francois"]
[Black "Roubaud, Alexandre"]
[Result "0-1"]
[WhiteElo "1984"]
[BlackElo "1842"]
[PlyCount "70"]
[EventDate "2007.08.13"]
[EventType "swiss"]
[EventRounds "11"]
[EventCountry "FRA"]
[SourceTitle "CBM 120 Extra"]
[Source "ChessBase"]
[SourceDate "2007.11.01"]
[SourceVersion "1"]
[SourceVersionDate "2007.11.01"]
[SourceQuality "1"]

1. c4 e5 2. Nc3 Nc6 3. g3 f5 4. Bg2 Nf6 5. e3 Bc5 6. a3 a5 7. Nge2 d6 8. d4 Ba7 9. Nb5 Bb6 10. 0-0 0-0 11. Qc2 Qe7 12. c5 dxc5 13. dxc5 Bxc5 14. Nxc7 Qxc7 15. Qxc5 e4 16. Rd1 b6 17. Qc4+ Kh8 18. Nd4 Rd8 19. Bd2 Rxd4 20. exd4 Ba6 21. Qc1 Qd7 22. Be3 Rc8 23. Qd2 Bc4 24. Rdc1 Bd5 25. b4 a4 26. Bf1 Rd8 27. Bb5 Ng4 28. Rc3 Qe6 29. Rac1 f4 30. Bxf4 e3 31. Bxe3 Qe4 32. Kf1 Nxh2+ 33. Ke2 Qg4+ 34. Kd3 Be4+ 35. Kc4 Ne5+ 0-1

[Event "Techirghiol op"]
[Site "Techirghiol"]
[Date "2006.07.08"]
[Round "8"]
[White "Constantin, Francois"]
[Black "Axinte, Stefan"]
[Result "1-0"]
[WhiteElo "1967"]
[BlackElo "2071"]
[PlyCount "57"]
[EventDate "2006.07.01"]
[EventType "swiss"]
[EventRounds "9"]
[EventCountry "ROU"]
[SourceTitle "CBM 113 Extra"]
[Source "ChessBase"]
[SourceDate "2006.09.14"]
[SourceVersion "1"]
[SourceVersionDate "2006.09.14"]
[SourceQuality "1"]

1. e4 d5 2. exd5 Qxd5 3. Nc3 Qe5+ 4. Qe2 Qxe2+ 5. Bxe2 Bf5 6. d3 Na6 7. a3 e5 8. Nf3 Bd6 9. 0-0 h5 10. Nh4 Bg4 11. Re1 0-0-0 12. Nb5 Be7 13. Nf3 c6 14. Nc3 f6 15. Be3 b6 16. d4 Nc7 17. dxe5 Bxf3 18. Bxf3 fxe5 19. Bxc6 Nh6 20. Ne4 Ng4 21. Bg5 Bxg5 22. Nxg5 Rd2 23. f3 Nf6 24. Ba4 Rh6 25. Rad1 Rxd1 26. Rxd1 h4 27. Nf7 Rg6 28. Bc6 Na6 29. Nxe5 1-0

[Event "Techirghiol op"]
[Site "Techirghiol"]
[Date "2006.07.04"]
[Round "4"]
[White "Veneteanu, Ion Cristian"]
[Black "Constantin, Francois"]
[Result "1-0"]
[WhiteElo "2244"]
[BlackElo "1967"]
[PlyCount "81"]
[EventDate "2006.07.01"]
[EventType "swiss"]
[EventRounds "9"]
[EventCountry "ROU"]
[SourceTitle "CBM 113 Extra"]
[Source "ChessBase"]
[SourceDate "2006.09.14"]
[SourceVersion "1"]
[SourceVersionDate "2006.09.14"]
[SourceQuality "1"]

1. d4 Nf6 2. c4 g6 3. Nc3 Bg7 4. e4 d6 5. f4 Nbd7 6. Nf3 0-0 7. Bd3 Ne8 8. 0-0 e5 9. fxe5 dxe5 10. d5 Nc5 11. Bc2 a5 12. Be3 Qe7 13. Qd2 b6 14. Qf2 Rb8 15. b3 f5 16. Bxc5 bxc5 17. Na4 fxe4 18. Bxe4 Nd6 19. Nxc5 Bg4 20. Qh4 Qxh4 21. Nxh4 Rf4 22. Rae1 Rbf8 23. g3 Rxf1+ 24. Rxf1 Rxf1+ 25. Kxf1 Bf8 26. Bf3 Bh3+ 27. Bg2 Bxg2+ 28. Kxg2 Nxc4 29. bxc4 Bxc5 30. Nf3 Bd6 31. Ng5 Kg7 32. Kf3 h6 33. Ne6+ Kf6 34. Ke4 c6 35. a4 cxd5+ 36. Kxd5 Bb4 37. Nd8 Kf5 38. c5 e4 39. c6 e3 40. c7 e2 41. c8Q+ 1-0

[Event "Techirghiol op"]
[Site "Techirghiol"]
[Date "2006.07.01"]
[Round "1"]
[White "Constantin, Francois"]
[Black "Manescu, Tiberiu"]
[Result "0-1"]
[WhiteElo "1967"]
[BlackElo "2264"]
[PlyCount "66"]
[EventDate "2006.07.01"]
[EventType "swiss"]
[EventRounds "9"]
[EventCountry "ROU"]
[SourceTitle "CBM 113 Extra"]
[Source "ChessBase"]
[SourceDate "2006.09.14"]
[SourceVersion "1"]
[SourceVersionDate "2006.09.14"]
[SourceQuality "1"]

1. e4 c5 2. Nf3 Nc6 3. d4 cxd4 4. Nxd4 Nf6 5. Nc3 e5 6. Ndb5 d6 7. Nd5 Nxd5 8. exd5 Nb8 9. Be3 a6 10. Na3 Be7 11. c4 0-0 12. Bd3 f5 13. 0-0 Bf6 14. Rb1 e4 15. Be2 Be5 16. Bd4 Nd7 17. f4 exf3 18. Bxf3 Qh4 19. Bxe5 Nxe5 20. b3 f4 21. Qe1 Qg5 22. Qf2 Nxf3+ 23. Qxf3 Bg4 24. Qf2 f3 25. g3 h5 26. Rfe1 h4 27. Nc2 hxg3 28. hxg3 Bf5 29. Rb2 Rae8 30. Nd4 Rxe1+ 31. Qxe1 f2+ 32. Qxf2 Qc1+ 33. Kh2 Be4 0-1

[Event "La Fere op 3rd"]
[Site "La Fere"]
[Date "2004.07.08"]
[Round "8"]
[White "Constantin, Francois"]
[Black "Gosset, Arnaud"]
[Result "1/2-1/2"]
[WhiteElo "1924"]
[BlackElo "2146"]
[PlyCount "52"]
[EventDate "2004.07.03"]
[EventType "swiss"]
[EventRounds "9"]
[EventCountry "FRA"]
[SourceTitle "CBM 101 Extra"]
[Source "ChessBase"]
[SourceDate "2004.09.01"]
[SourceVersion "2"]
[SourceVersionDate "2004.09.01"]
[SourceQuality "1"]

1. c4 Nf6 2. Nc3 e6 3. e4 d5 4. e5 d4 5. exf6 dxc3 6. bxc3 Qxf6 7. d4 c5 8. Nf3 h6 9. Bd3 cxd4 10. cxd4 Bb4+ 11. Bd2 Bxd2+ 12. Qxd2 0-0 13. 0-0 Nc6 14. Rab1 Rb8 15. Rfe1 Rd8 16. Re4 Bd7 17. Rbe1 Qe7 18. Rg4 Kh8 19. Rh4 Kg8 20. Rxh6 gxh6 21. Qxh6 f5 22. Bxf5 Qg7 23. Bxe6+ Bxe6 24. Qxe6+ Qf7 25. Qg4+ Qg7 26. Qe6+ Qf7 1/2-1/2